• 首页
  • 本馆介绍
  • 公告通知
  • 最新文献
  • 馆藏检索
  • 电子资源
  • 读者导购
  • 参考咨询
  • 我的图书馆
  • 登录
  • 详细信息显示
  • 放入我的书架
  • 预约/预借图书
  • 作者相关作品
  • 分类相关作品
  • 丛书相关作品
  • 出版社相关作品

书目信息

  • 表格格式
  • 工作单格式
  • 卡片格式
题名:
计算机动画实例教程
    
 
作者: 朱荣 , 王永 主编
分册:  
出版信息: 北京   中国铁道出版社  2013.08
页数: 226页
开本: 26cm
丛书名:
单 册:
中图分类: TP391.414 , TP391.41
科图分类:
主题词: 动画制作软件--高等学校--教材 , 动画制作软件
电子资源:
ISBN: 978-7-113-17009-7
000 01016nam0 2200301 450
001 5172
005 20181014133410.59
010    @a978-7-113-17009-7@dCNY29.80
090    @aTP391.4@bzr
100    @a20140429d2013 em y0chiy50 ea
101 0  @achi
102    @aCN@b110000
105    @ay z 000yy
200 1  @a计算机动画实例教程@9ji suan ji dong hua shi li jiao cheng@eFlash+OpenGL@f朱荣,王永主编
210    @a北京@c中国铁道出版社@d2013.08
215    @a226页@d26cm
300    @a高等院校计算机应用技术规划教材
330    @a本书包括两大部分:Flash CS 5.5动画制作和OpenGL动画编程入门。具体内容有:Flash CS 5.5的基本概念和常用工具、Flash中的常见动画形式、OpenGL简介、OpenG基本图形原色、光照和材质等。
606 0  @a动画制作软件@x高等学校@j教材
606 0  @a动画制作软件
610 0  @aFlash
610 0  @aOpenGL
690    @aTP391.414@v5
690    @aTP391.41@v4
701  0 @a朱荣@9zhu rong@4主编
701  0 @a王永@9wang yong@4主编
801  0 @aCN@bNLC@c20140429
905    @aMuseLib@dTP391.41@e1631
    
    计算机动画实例教程:Flash+OpenGL/朱荣,王永主编.-北京:中国铁道出版社,2013.08
    226页;26cm
    高等院校计算机应用技术规划教材
    
    ISBN 978-7-113-17009-7:CNY29.80
    本书包括两大部分:Flash CS 5.5动画制作和OpenGL动画编程入门。具体内容有:Flash CS 5.5的基本概念和常用工具、Flash中的常见动画形式、OpenGL简介、OpenG基本图形原色、光照和材质等。
●
相关链接 在E读中查询图书 在五车中查询图书 在当当中查询图书 在豆瓣中查询图书


正题名:计算机动画实例教程     索取号:TP391.41/1631         预约/预借

序号 登录号 条形码 馆藏地/架位号 状态 备注
1 1128449   211284493   第二样本阅览室/ [索取号:TP391.41/1631] 在馆    
2 1128450   211284509   第三借阅区/ [索取号:TP391.41/1631] 在馆    
3 1128451   211284518   第三借阅区/ [索取号:TP391.41/1631] 在馆    
4 1128452   211284527   第三借阅区/ [索取号:TP391.41/1631] 在馆    
5 1128453   211284536   第三借阅区/ [索取号:TP391.41/1631] 在馆    
唐山师范学院图书馆 欢迎您!
大连网信软件有限公司© 版权所有